Stochastic differential equations: an introduction with applications
Wedi'i Gadw mewn:
| Prif Awdur: | |
|---|---|
| Fformat: | Llyfr |
| Iaith: | Saesneg |
| Cyhoeddwyd: |
Berlín
Springer-Verlag
1985
|
| Cyfres: | Universitext
|
| Pynciau: | |
| Tagiau: |
Ychwanegu Tag
Dim Tagiau, Byddwch y cyntaf i dagio'r cofnod hwn!
|
MARC
| LEADER | 00000nam a2200000 a 4500 | ||
|---|---|---|---|
| 001 | UCP1076 | ||
| 003 | CL-VaPUC | ||
| 008 | 990326e19850000GW |||||||||||||||||eng|d | ||
| 082 | 0 | 4 | |a 519.2 |b OKS |2 21 |
| 100 | 0 | |a Oksendal, Bernt |e author |9 426854 | |
| 245 | 1 | 0 | |a Stochastic differential equations: an introduction with applications |
| 300 | |a 205 p | ||
| 942 | |c BK | ||
| 945 | |d 19990326 00:00:00 |a crobeson | ||
| 260 | |a Berlín |b Springer-Verlag |c 1985 | ||
| 650 | 7 | |a ECUACIONES DIFERENCIALES ESTOCASTICAS |2 CL-VaPUC |9 269935 | |
| 650 | 7 | |a DIFUSION |2 CL-VaPUC |9 262085 | |
| 650 | 7 | |a CONTROL ESTOCASTICO |2 CL-VaPUC |9 426855 | |
| 650 | 0 | |a Variables aleatorias |9 270745 | |
| 583 | |a last modification |c 19990326 00:00:00 |k Rodrigo Vera | ||
| 490 | 0 | |a Universitext | |
| 999 | |c 279792 |d 279790 | ||
| 952 | |0 0 |1 0 |4 0 |6 519_200000000000000_OKS_1985 |7 0 |8 A |9 319577 |a BIBGIM |b BIBGIM |d 2019-11-20 |i 1334107 |l 1 |m 5 |o 519.2 OKS 1985 |p 1334107 |r 2025-01-15 |s 2023-04-04 |w 2019-11-20 |y BK |k EST | ||